Formula One Grand Prix Cities on a Map - Statistics

General Stats
  • This quiz has been taken 1,417 times
  • The average score is 14 of 24
Answers on the Map
Answers color-coded by a green-red scale on the quiz's map according to % correct below.
 
Answer Stats
Country Answer % Correct
United States Miami
94%
United States Las Vegas
90%
Mexico Mexico City
88%
Monaco Monaco
86%
United States Austin
82%
Canada Montreal
81%
Brazil São Paulo
81%
Australia Melbourne
78%
United Arab Emirates Abu Dhabi
77%
Azerbaijan Baku
76%
China Shanghai
74%
Singapore Singapore
72%
Saudi Arabia Jeddah
70%
United Kingdom Silverstone
70%
Italy Monza
65%
Italy Imola
55%
Japan Suzuka
51%
Netherlands Zandvoort
46%
Qatar Lusail
32%
Bahrain Sakhir
26%
Austria Spielberg
25%
Spain Montmeló
8%
Belgium Stavelot
6%
Hungary Mogyoród
5%
No matching quizzes found
Score Distribution
Percent of People with Each Score
Percentile by Number Answered
Your Score History
You have not taken this quiz